000 00295nam a2200133Ia 4500
100 _aTylecote/R.F
942 _cBK
654 _aWelding Of Metals
245 _aSolid Phase Welding Of Metall
260 _bEdword arnold
_aLondon
_c1968
082 _a671.52
300 _a334
546 _aENGLISH
999 _c35665
_d35665